| 000 | 00420nam a2200181Ia 4500 | ||
|---|---|---|---|
| 001 | 930 | ||
| 005 | 20260306140554.0 | ||
| 008 | 260306t2003||||xx |||||||||||||| ||spa|| | ||
| 041 | _aESP | ||
| 082 |
_a174.4 _bE85 |
||
| 100 |
_aEspejo Reese, Ricardo _eAUT |
||
| 245 | 0 |
_aÉtica y empresas: _bel caso de la banca peruana |
|
| 260 | _c2003 | ||
| 300 |
_a _c |
||
| 650 | _aGEN | ||
| 654 | _aCHU | ||
| 942 |
_cLIB _dJUS _fJUS _2ddc _n |
||
| 999 |
_c930 _d930 |
||